Statistics for Top 15 Celebrities Born In 1972

Click here to take the quiz!

General Stats

  • This quiz has been taken 144 times
    (98 since last reset)
  • The average score is 7 of 15

Answer Stats

Answer% Correct
Dwayne Johnson
97%
Eminem
83%
Gwyneth Paltrow
73%
Cameron Diaz
72%
Sofia Vergara
67%
Ben Affleck
63%
Notorious B.I.G.
49%
Jennifer Garner
37%
Maya Rudolph
33%
Jenny McCarthy
29%
Wayne Brady
22%
Alyssa Milano
17%
Busta Rhymes
12%
Heidi D'Amelio
12%
Eric Dane
9%

Score Distribution

Percentile by Number Answered

Percent of People with Each Score

Your Score History

You have not taken this quiz since the last reset